<?xml version="1.0" encoding="UTF-8"?>
<record
    xmlns:xsi="http://www.w3.org/2001/XMLSchema-instance"
    xsi:schemaLocation="http://www.loc.gov/MARC21/slim http://www.loc.gov/standards/marcxml/schema/MARC21slim.xsd"
    xmlns="http://www.loc.gov/MARC21/slim">

  <leader>00607nam a22001937a 4500</leader>
  <controlfield tag="003">OSt</controlfield>
  <controlfield tag="005">20260610153559.0</controlfield>
  <controlfield tag="008">260609b        |||||||| |||| 00| 0 eng d</controlfield>
  <datafield tag="020" ind1=" " ind2=" ">
    <subfield code="a">9781412909853</subfield>
  </datafield>
  <datafield tag="040" ind1=" " ind2=" ">
    <subfield code="c">Chuka University Library</subfield>
  </datafield>
  <datafield tag="050" ind1=" " ind2=" ">
    <subfield code="a">LB 1027.44</subfield>
    <subfield code="b">.W3 2005</subfield>
  </datafield>
  <datafield tag="100" ind1=" " ind2=" ">
    <subfield code="a">Walsh, Jackie Acree &amp; Beth Dankert Sattes</subfield>
    <subfield code="9">27803</subfield>
  </datafield>
  <datafield tag="245" ind1=" " ind2=" ">
    <subfield code="a">Quality Questioning: Research-Based Practice to Engage Every Learner</subfield>
  </datafield>
  <datafield tag="260" ind1=" " ind2=" ">
    <subfield code="a">Thousands Oaks</subfield>
    <subfield code="b">Corwin Press</subfield>
    <subfield code="c">2005</subfield>
  </datafield>
  <datafield tag="300" ind1=" " ind2=" ">
    <subfield code="a">x, 182P</subfield>
    <subfield code="b">Illustrations </subfield>
  </datafield>
  <datafield tag="650" ind1=" " ind2=" ">
    <subfield code="a">Questioning</subfield>
    <subfield code="9">27804</subfield>
  </datafield>
  <datafield tag="650" ind1=" " ind2=" ">
    <subfield code="a">Thought and Thinking</subfield>
    <subfield code="9">8741</subfield>
  </datafield>
  <datafield tag="942" ind1=" " ind2=" ">
    <subfield code="2">lcc</subfield>
    <subfield code="c">BK</subfield>
    <subfield code="n">0</subfield>
  </datafield>
  <datafield tag="952" ind1=" " ind2=" ">
    <subfield code="0">0</subfield>
    <subfield code="1">0</subfield>
    <subfield code="2">lcc</subfield>
    <subfield code="4">0</subfield>
    <subfield code="7">0</subfield>
    <subfield code="8">LGL</subfield>
    <subfield code="a">CHK</subfield>
    <subfield code="b">CHK</subfield>
    <subfield code="c">GEN</subfield>
    <subfield code="d">2026-06-09</subfield>
    <subfield code="e">Donations from Books for Africa</subfield>
    <subfield code="g">2795.47</subfield>
    <subfield code="l">0</subfield>
    <subfield code="o">LB 1027.44 .W3 2005</subfield>
    <subfield code="p">33377/2026</subfield>
    <subfield code="r">2026-06-09 10:33:21</subfield>
    <subfield code="t">1</subfield>
    <subfield code="w">2026-06-09</subfield>
    <subfield code="y">BK</subfield>
  </datafield>
  <datafield tag="952" ind1=" " ind2=" ">
    <subfield code="0">0</subfield>
    <subfield code="1">0</subfield>
    <subfield code="2">lcc</subfield>
    <subfield code="4">0</subfield>
    <subfield code="7">0</subfield>
    <subfield code="8">LGL</subfield>
    <subfield code="a">CHK</subfield>
    <subfield code="b">CHK</subfield>
    <subfield code="c">GEN</subfield>
    <subfield code="d">2026-06-09</subfield>
    <subfield code="e">Donations from Books for Africa</subfield>
    <subfield code="g">2795.47</subfield>
    <subfield code="l">0</subfield>
    <subfield code="o">LB 1027.44 .W3 2005</subfield>
    <subfield code="p">33376/2026</subfield>
    <subfield code="r">2026-06-09 10:33:21</subfield>
    <subfield code="t">2</subfield>
    <subfield code="w">2026-06-09</subfield>
    <subfield code="y">BK</subfield>
  </datafield>
  <datafield tag="952" ind1=" " ind2=" ">
    <subfield code="0">0</subfield>
    <subfield code="1">0</subfield>
    <subfield code="2">lcc</subfield>
    <subfield code="4">0</subfield>
    <subfield code="7">0</subfield>
    <subfield code="8">LGL</subfield>
    <subfield code="a">CHK</subfield>
    <subfield code="b">CHK</subfield>
    <subfield code="c">GEN</subfield>
    <subfield code="d">2026-06-09</subfield>
    <subfield code="e">Donations from Books for Africa</subfield>
    <subfield code="g">2795.47</subfield>
    <subfield code="l">0</subfield>
    <subfield code="o">LB 1027.44 .W3 2005</subfield>
    <subfield code="p">33373/2026</subfield>
    <subfield code="r">2026-06-09 10:33:21</subfield>
    <subfield code="t">3</subfield>
    <subfield code="w">2026-06-09</subfield>
    <subfield code="y">BK</subfield>
  </datafield>
  <datafield tag="952" ind1=" " ind2=" ">
    <subfield code="0">0</subfield>
    <subfield code="1">0</subfield>
    <subfield code="2">lcc</subfield>
    <subfield code="4">0</subfield>
    <subfield code="7">0</subfield>
    <subfield code="8">LGL</subfield>
    <subfield code="a">CHK</subfield>
    <subfield code="b">CHK</subfield>
    <subfield code="c">GEN</subfield>
    <subfield code="d">2026-06-09</subfield>
    <subfield code="e">Donations from Books for Africa</subfield>
    <subfield code="g">2795.47</subfield>
    <subfield code="l">0</subfield>
    <subfield code="o">LB 1027.44 .W3 2005</subfield>
    <subfield code="p">33374/2026</subfield>
    <subfield code="r">2026-06-09 10:33:21</subfield>
    <subfield code="t">4</subfield>
    <subfield code="w">2026-06-09</subfield>
    <subfield code="y">BK</subfield>
  </datafield>
  <datafield tag="952" ind1=" " ind2=" ">
    <subfield code="0">0</subfield>
    <subfield code="1">0</subfield>
    <subfield code="2">lcc</subfield>
    <subfield code="4">0</subfield>
    <subfield code="7">0</subfield>
    <subfield code="8">LGL</subfield>
    <subfield code="a">CHK</subfield>
    <subfield code="b">CHK</subfield>
    <subfield code="c">GEN</subfield>
    <subfield code="d">2026-06-10</subfield>
    <subfield code="e">Donation from Books for Africa </subfield>
    <subfield code="g">2795.47</subfield>
    <subfield code="l">0</subfield>
    <subfield code="o">LB 1027.44 .W3 2005</subfield>
    <subfield code="p">33850/2026</subfield>
    <subfield code="r">2026-06-10 15:28:08</subfield>
    <subfield code="t">5</subfield>
    <subfield code="w">2026-06-10</subfield>
    <subfield code="y">BK</subfield>
  </datafield>
  <datafield tag="999" ind1=" " ind2=" ">
    <subfield code="c">23592</subfield>
    <subfield code="d">23592</subfield>
  </datafield>
</record>
